| 000 | 01101nam a2200301 c 4500 | ||
|---|---|---|---|
| 999 |
_c343096 _d343096 |
||
| 003 | BLK | ||
| 005 | 20210630145521.0 | ||
| 008 | 180911b bul|||||r ||||||| ||bul|| | ||
| 010 | _a002757 | ||
| 040 | _aBLK | ||
| 041 |
_aBUL _cBUL |
||
| 080 | _z885.0-1 | ||
| 100 | 1 |
_aЧех, Сватоплук _eпърви автор _9141644 |
|
| 139 | _aЧех, Сватоплук | ||
| 245 | 0 | 0 |
_aПесни на роба _cСватоплук Чех ; Прев. от ориг. С. Чилингиров |
| 246 | _pлирика-поеми | ||
| 260 |
_aСофия _bД-во Бълг.-чешка взаимност _c1919 _fПридворна печ. |
||
| 300 |
_a77 с _c19 см |
||
| 380 | _aX | ||
| 490 |
_aЧастна колекция - Академик Михаил Арнаудов _gДарение - Основен фонд |
||
| 500 | _aАвтограф с текст: На моя приятел проф. М. Арнаудов. София 9. V. 919. С. Чилингиров; | ||
| 653 | _aлирика | ||
| 653 | _aпоеми | ||
| 655 |
_aчешка литература _9397597 |
||
| 700 | 1 |
_aС. Чилингиров _e Прев. от ориг. _9398602 |
|
| 852 |
_aМА 2024 _bМА |
||
| 852 |
_aЦб 8.180.4165 _bО |
||
| 942 |
_cKNG _n0 _s1 |
||
| 944 |
_aCR _c1997 _kValK |
||
| 944 |
_aED _c2021-06-30 _kХристина Везирева |
||
| 999 | _d343096 | ||
| 999 | _d343096 | ||
| 999 | _d343096 | ||
| 999 | _d343096 | ||